[Event "East Glam-Dyfed"]
[Site "Wales"]
[Date "2002.??.??"]
[Round "?"]
[White "Robinson, David"]
[Black "Henwood, M."]
[Result "1-0"]
[WhiteElo "1994"]
[BlackElo "1354"]
[PlyCount "51"]
[EventDate "2002.??.??"]
[EventType "team"]
[EventRounds "1"]
[EventCountry "WLS"]
[SourceTitle "EXT 2004"]
[Source "ChessBase"]
[SourceDate "2003.11.25"]
[SourceVersion "1"]
[SourceVersionDate "2003.11.25"]
[SourceQuality "1"]

1. e4 Nf6 2. Nc3 e5 3. Nf3 d6 4. d4 exd4 5. Nxd4 Be7 6. Bg5 Nbd7 7. Qd2 Ne5 8. 0-0-0 Bg4 9. f3 Bh5 10. Nf5 Nxf3 11. gxf3 Bxf3 12. Rg1 Bxd1 13. Qxd1 g6 14. Nxe7 Qxe7 15. Nd5 Nxd5 16. Bxe7 Nxe7 17. Bb5+ c6 18. Bc4 d5 19. exd5 0-0-0 20. d6 Nd5 21. Qd4 Rhf8 22. Qxa7 f5 23. Qa8+ Kd7 24. Qxb7+ Kxd6 25. Rd1 Rd7 26. Qb4+ 1-0